1365 1415 1183 1490 1259 1821 1151 1567 1423 1230 1592 1015 1780 1502 1582 1552 1787 1645 1847 1657 1937 1327 1067 1214 1127 1124 1527 1585 1837 1146 1833 1365 1667 1590 1144 1619 1724 1169 1841 1283 1827 1688 1547 1660 1360 1803 1505 1813 1177 1685 1649 1403 1249 1165 1955 1057 1855 1134 1017 1786 1601 1570 1757 1277 1785 1255 1265 1807 1230 1605 1419 1967 1408 1676 1896 1803 1050 1602 1756 1741 1842 1974 1654 1621 1751 1068 1889 1443 1136 1721 1580 1528 1897 1437 1008 1192 1174 1957 1946 BCNSPRNW ULIB Ver.6.0+V

เปลี่ยนเป็นภาษาไทย

Change to English
 แสดงรายละเอียดบรรณานุกรม
  กลับหน้าหลัก

Brief Record : Get Marc (ISO 2709) : E-mail record : QR code < ปิดหน้าต่าง
LEADER : 00000nam 2200000uu 4500
001    13399115237
003     ULIB
008    020711s2552 th a 000 0 tha d
020    ^a9786169012504
050    ^aHD57.7^bล266พ
100    ^aวาจาสิทธิ์ ลอเสรีวานิช
245    ^aพิชิต 7 Leadership Competencies /^cวาจาสิทธิ์ ลอเสรีวานิช แปล
260    ^aกรุงเทพฯ :^bอัมรินทร์พริ้นติ้งแอนด์พับลิชชิ่ง,^c2552
300    ^a208 หน้า หน้า
650    ผู้นำ
650    ผู้บริหาร
700    ^aจินเจอร์ ลาพิด^eเขียน
700    ^aบ็อกดา^eเขียน
945    ^p220^l0^i19166
999    ^aทศพร เกษรทอง
รายการนี้ยังไม่มีแท็ก
คุณยังไม่ได้ล็อกอิน คุณสามารถมีกิจกรรมร่วมกับเว็บไซต์ได้ แต่ต้องล็อกอินก่อน ::
  ล็อกอิน

รายการสื่อสารสนเทศ

ลำดับที่ ประเภท เลขเรียก/บาร์โค้ด สถานที่ สถานะ
- ไม่พบข้อมูล -

รายการใกล้เคียง
    ผู้แต่ง [วาจาสิทธิ์ ลอเสรีวานิช]

    หัวเรื่อง [ผู้นำ]
    หัวเรื่อง [ผู้บริหาร]

BibComment


ยังไม่เคยถูกคอมเมนท์

คอมเมนท์ทรัพยากรรายการนี้
  คอมเมนท์: พิชิต 7 Leadersh..


 Copyright 2026. Bcnsprnw @Library